L'esglesia de la Coláonia Güell / (Record no. 122678)

MARC details
000 -LEADER
campo de control de longitud fija 00790nam a2200217 4500
001 - NÚMERO DE CONTROL
campo de control 122678
003 - IDENTIFICADOR DE NÚMERO DE CONTROL
campo de control ES-MaACL
005 - FECHA Y HORA DE LA ÚLTIMA TRANSACCIÓN
campo de control 20230906192025.0
007 - CAMPO FIJO DE DESCRIPCIÓN FÍSICA--INFORMACIÓN GENERAL
campo de control de longitud fija t|
008 - DATOS DE LONGITUD FIJA--INFORMACIÓN GENERAL
campo de control de longitud fija 070214s1976 sp r ||||1| cat d
100 1# - ENTRADA PRINCIPAL--NOMBRE DE PERSONA
Nombre de persona Puig Boada, Isidro.
9 (RLIN) 94253
245 12 - MENCIÓN DEL TÍTULO
Título L'esglesia de la Coláonia Güell /
Mención de responsabilidad, etc. Isidro Puig Boada ; fotograf Armand Aribau ; traducción al castellano de Esteban Busquets ; translated into english by Joanne Johnson Conde, Miguel Angel Conde.
260 ## - PUBLICACIÓN, DISTRIBUCIÓN, ETC.
Lugar de publicación, distribución, etc. Barcelona :
Nombre del editor, distribuidor, etc. Lumen,
Fecha de publicación, distribución, etc. 1976.
300 ## - DESCRIPCIÓN FÍSICA
Extensión CII p., 121 lám. ;
Dimensiones 21 cm.
500 ## - NOTA GENERAL
Nota general Edición bilingüe.
700 1# - ENTRADA AGREGADA--NOMBRE PERSONAL
Nombre de persona Aribau, Armand.
9 (RLIN) 22812
700 1# - ENTRADA AGREGADA--NOMBRE PERSONAL
Nombre de persona Busquets i Molas, Esteve.
9 (RLIN) 32850
700 1# - ENTRADA AGREGADA--NOMBRE PERSONAL
Nombre de persona Conde, Joanne Johnson.
9 (RLIN) 40097
700 1# - ENTRADA AGREGADA--NOMBRE PERSONAL
Nombre de persona Conde, Miguel Angel.
9 (RLIN) 40106
852 ## - LOCALIZACIÓN
Ubicación ES-MaACL
Número de control de estantería A-6338
Holdings
Estatus retirado Estado de pérdida Estado de daño No para préstamo Biblioteca de origen Biblioteca actual Ubicación en estantería Fecha de adquisición Fuente de adquisición Total de préstamos Signatura topográfica completa Código de barras Visto por última vez Precio de reemplazo Tipo de ítem Koha
        Biblioteca del Ateneo de Madrid Biblioteca del Ateneo de Madrid Sala Pecera Planta 1 17/01/2008     A-6338 1127832 23/02/2023 23/02/2023 Libro impreso